00379nam a2200133 a 450000100100000000500170001000800410002704000250006808200110009324500330010426000410013730000200017871000470019800004620220201002052714.0150706s2004 dr 000 0 spa d aDO-SdBNPbspacBNPHU axxbxx03aEl proyecto que necesitamos. a[s.l.] :bBloque Socialista,c198?]. a23 p. ;c22 cm.2 aBloque Socialista (República Dominicana)